Cliquez sur la deuxième ville de chaque région de France - Statistiques

Statistiques générales
  • Ce quiz a été pris 97 fois
    86 depuis la dernière actualisation
  • Le résultat moyen est 15 sur 18
Statistiques - réponses
Hint Réponse % Correct
Bretagne Brest
97%
Corse Bastia
95%
Provence-Alpes-Côte d'Azur Nice
92%
Île-de-France Saint-Denis
90%
Auvergne-Rhône-Alpes Saint-Étienne
90%
Normandie Rouen
87%
Hauts-de-France Amiens
86%
Bourgogne-Franche-Comté Besançon
86%
Occitanie Montpellier
86%
Pays de la Loire Angers
85%
Grand Est Reims
83%
Nouvelle-Aquitaine Limoges
81%
Mayotte Koungou
78%
Centre-Val de Loire Orléans
77%
La Réunion Saint-Paul
73%
Guyane Saint-Laurent-du-Maroni
63%
Martinique Le Lamentin
59%
Guadeloupe Baie-Mahault
46%
Aucun quiz correspondant
Distribution des résultats
% des personnes avec chaque résultat
Percentile par nombre de réponses
Votre historique - résultats
Vous n’avez pas pris ce quiz depuis la dernière actualisation